| 000 | 00802cam a2200265 4500 | ||
|---|---|---|---|
| 001 | 17175 | ||
| 003 | BD-RjUL | ||
| 005 | 20211209000112.0 | ||
| 008 | 140216s1968 nyuac 001 0 eng d | ||
| 035 | _a(BD-RjUL) 17232 | ||
| 040 |
_aDLC _cDLC _dBD-RjUL _beng |
||
| 041 | _aeng | ||
| 082 | 0 | 0 |
_a796.4077 _bKRC 1968 |
| 100 | 1 |
_aKring, Ray. _952969 |
|
| 245 | 1 | 0 |
_aComplete guide to high school track and field coaching / _c[by] Ray F. Kring. |
| 260 |
_aWest Nyack ; _aNew York : _bParker Pub. Co. _c1968. |
||
| 300 |
_axv, 235 p. : _billus., ports. ; _c26 cm. |
||
| 500 | _aIncludes index. | ||
| 650 | 0 |
_aTrack and field. _952970 |
|
| 650 | 0 |
_aCoaching (Athletics) _950596 |
|
| 740 | 0 | _aHigh school track and field coaching. | |
| 942 |
_2ddc _cBK |
||
| 999 |
_c17175 _d17175 |
||